00401 2200145 4500001002100000008004100021035002000062245003700082100002700119260003100146300001400177082001100191650004000202990001300242INLIS000000000001745 ind  a0010-0423001745 aCHAIRUL TANJUNG SI ANAK SINGKONG aTJAHJA GUNAWAN DIREDJA aJAKARTAbBUKU KOMPASc2012 ahlm.ccm. a920598 aBIOGRAFI - INDONESIAM (ORANG-ORANG) a100900-1